| 000 | 00484nam a2200145Ia 4500 | ||
|---|---|---|---|
| 999 |
_c21865 _d21865 |
||
| 082 | _aRE.0016 | ||
| 100 | _aEswaraiah, G. | ||
| 245 | 0 | _aStudy on the social mobility of the rural scheduled caste population in Andhra Pradesh | |
| 260 |
_c0 _bIndian Council of Social Science Research, New Delhi |
||
| 300 | _a118 | ||
| 504 | _aincludes bibliography | ||
| 650 |
_aScheduled castes and scheduled tribes _zAndhra Pradesh |
||
| 650 |
_aSocial mobility _zAndhra Pradesh |
||
| 942 |
_cRP _2ddc |
||